|
|
|
|
| LEADER |
00000nab a2200000 a 4500 |
| 001 |
vtls000487474 |
| 003 |
SK-MaSNL |
| 005 |
20260305003405.0 |
| 008 |
230120c1992 xo 0 slo |
| 015 |
|
|
|a SNBRA19rr/mm-uuuuu
|
| 035 |
|
|
|a CL0487611
|
| 035 |
|
|
|a urn:nbn:sk:snk-abbw6
|
| 035 |
|
|
|a (urnnbn)urn:nbn:sk:snk:ar-a04cyc
|
| 035 |
|
|
|a (uuid)31da2739-89b7-4ebb-afdf-749bb63ce698
|
| 040 |
|
|
|a SNKBUCL
|b slo
|c SNKBUCL
|e AACR2
|
| 041 |
0 |
|
|a slo
|
| 044 |
|
|
|a xo
|c SK
|
| 080 |
|
|
|a 903.23"637":902
|2 1981
|
| 080 |
|
|
|a 902
|2 1981
|
| 080 |
|
|
|a 904"04/14"
|2 1981
|
| 080 |
|
|
|a 738
|2 1981
|
| 100 |
1 |
|
|a Ružičková, Jana
|4 aut
|9 11407
|
| 245 |
1 |
0 |
|a Prieskum v Lapáši
|c Jana Ružičková, Peter Bednár
|
| 300 |
|
|
|b Res. nem.
|
| 650 |
0 |
7 |
|a jamy zásobné
|2 snkbucl
|9 1276646
|
| 650 |
0 |
7 |
|a keramika
|2 snkbucl
|9 3061
|
| 650 |
0 |
7 |
|a doba bronzová
|2 snkbucl
|9 79087
|
| 650 |
0 |
7 |
|a stredovek
|2 snkbucl
|9 4259
|
| 650 |
0 |
7 |
|a archeologické nálezy
|2 snkbucl
|9 4975
|
| 650 |
0 |
7 |
|a Lapáš
|2 snkbucl
|9 1580248
|
| 655 |
|
7 |
|a články zo zborníkov
|2 snkbucl
|9 166140
|
| 700 |
1 |
|
|a Bednár, Peter,
|d 1964-
|4 aut
|9 28179
|
| 773 |
0 |
|
|t Archeologické výskumy a nálezy na Slovensku v roku 1990
|d Nitra : AÚ SAV v Nitre, 1992
|g S. 94
|
| 850 |
|
|
|a Slovenská národná knižnica v Martine
|a MTA001
|
| 852 |
|
|
|a SNK
|b KIS3GCP
|
| 954 |
|
|
|a odborná, vedecká literatúra pôvodná (slovenská)
|2 lita
|
| 957 |
|
|
|a 5206
|
| 958 |
|
|
|a RK
|
| 958 |
|
|
|a OND
|
| 958 |
|
|
|a EUIPO
|
| 958 |
|
|
|a article27
|
| 992 |
|
|
|a RZB
|
| 999 |
|
|
|c 3230090
|d 3232020
|